000 01231cas a2200349 a 4500
001 17367360
005 20180201033430.0
007 t|
008 120306c20129999mnuar 0 a0eng c
010 _a 2012247016
022 0 _a2169-7310
_21
035 _a(OCoLC)ocn779385590
037 _bWest, 610 Opperman Drive, Eagan, MN 55123
040 _aMoSBCM
_cMoSBCM
_dMoSBCM
_dNNU-L
_dCLU
_dDLC
041 _aeng
042 _apcc
_ansdp
043 _an-us---
080 _a342 MOU
082 1 0 _a342 MOU
_215
100 _a14
101 _aJUR
222 0 _aSexual orientation and the law
_b(2012)
245 0 0 _aSexual orientation and the law.
310 _aAnnual
362 1 _aBegan with 2012 ed.
515 _aIssued in parts.
780 0 0 _tSexual orientation and the law
_b[2004 rev.].
_d[Eagan, Minn.] : West, c2004-2010
_z0876324545
_w(OCoLC)56969122
906 _a7
_bcbc
_csercoop
_d2
_encip
_f20
_gn-oclcserc
942 _2ddc
_cBK
999 _c41455
_d41455